| 000 | 00379nam a2200145Ia 4500 | ||
|---|---|---|---|
| 008 | 210210b1970 xxu||||| |||| 00| 0 eng d | ||
| 082 | _a535.32 ACHG | ||
| 100 | _aACHARYA (D P). | ||
| 245 | _aGeometrical optics for advanced students. | ||
| 260 |
_aN D _bOxford & IBH Publishing _c1970 |
||
| 300 | _aiv,275 | ||
| 650 | _aGeometrical Optics | ||
| 690 | _aOptics | ||
| 906 | _a039482 | ||
| 999 |
_c89575 _d89575 |
||